1137 1821 1275 1016 1577 1523 1837 1066 1964 1639 1851 1263 1152 1922 1126 1002 1609 1953 1539 1146 1447 1684 1641 1351 1678 1275 1072 1764 1430 1299 1865 1820 1125 1357 1742 1779 1173 1472 1213 1419 1814 1420 1233 1110 1871 1220 1712 1209 1813 1500 1069 1743 1743 1057 1038 1848 1170 1739 1453 1067 1258 1058 1328 1806 1834 1696 1586 1146 1654 1285 1680 1545 1401 1255 1131 1176 1610 1359 1503 1079 1472 1239 1214 1387 1589 1561 1805 1120 1389 1059 1697 1911 1472 1245 1436 1311 1100 1967 1936 BCNSPRNW ULIB Ver.6.0+V

เปลี่ยนเป็นภาษาไทย

Change to English
 แสดงรายละเอียดบรรณานุกรม
  กลับหน้าหลัก

Brief Record : Get Marc (ISO 2709) : E-mail record : QR code < ปิดหน้าต่าง
LEADER : 00000nam 2200000uu 4500
001    13399113562
003     ULIB
008    111128s2553||||th 000 0 tha d
020    ^a9786167123561
090    ^aนว.^bน482อ 2553
100 0  ^aนาราจันทร์
245 00 ^aอุ่นไอสายใยรัก/^cนาราจันทร์
250    ^aพิมพ์ครั้งที่ 1
260    ^aกรุงเทพฯ :^bGreen Mine,^c2553
300    ^a359 หน้า
710 1  ^aGreen Mine
945    ^p249^l0^i17055
995    ^aกัณชพร
999    ^aใช้งานได้ทุกระบบ
รายการนี้ยังไม่มีแท็ก
คุณยังไม่ได้ล็อกอิน คุณสามารถมีกิจกรรมร่วมกับเว็บไซต์ได้ แต่ต้องล็อกอินก่อน ::
  ล็อกอิน

รายการสื่อสารสนเทศ

ลำดับที่ ประเภท เลขเรียก/บาร์โค้ด สถานที่ สถานะ
1. นวนิยาย
นวนิยาย
นว. น482อ 2553  
  Barcode: 17055
ห้องสมุดวิทยาเขตสวรรค์ประชารักษ์
►นวนิยาย
บนชั้น
  ขอยืม

BibComment


ยังไม่เคยถูกคอมเมนท์

คอมเมนท์ทรัพยากรรายการนี้
  คอมเมนท์: อุ่นไอสายใยรัก น..


 Copyright 2026. Bcnsprnw @Library